00191nam a2200073Ia 4500008004100000082000800041100002100049245004700070240331s9999 xx 000 0 und d bSIV aSivakumaran, K.S 0aInthiya ilankai ilakkiyam :boru kannoddam